ՀՀ Գիտությունների ազգային ակադեմիայի հիմնարար գիտական գրադարան  =   Fundamental Scientific Library of NAS RA

Вопросы палеофлористики и стратиграфии / (Record no. 21732)

MARC details
000 -LEADER
fixed length control field 00861nam a2200229 a 4500
001 - CONTROL NUMBER
control field 000072146
003 - CONTROL NUMBER IDENTIFIER
control field AM-YEHGA
005 - DATE AND TIME OF LATEST TRANSACTION
control field 20250618071028.0
008 - FIXED-LENGTH DATA ELEMENTS--GENERAL INFORMATION
fixed length control field 960705s1989 ru ||||| |||| 00| 0 rus d
020 ## - INTERNATIONAL STANDARD BOOK NUMBER
International Standard Book Number 5020265446
040 ## - CATALOGING SOURCE
Original cataloging agency AM-YeHGA
041 0# - LANGUAGE CODE
Language code of text/sound track or separate title rus
090 ## - LOCALLY ASSIGNED LC-TYPE CALL NUMBER (OCLC); LOCAL CALL NUMBER (RLIN)
-- 21957
245 10 - TITLE STATEMENT
Title Вопросы палеофлористики и стратиграфии /
Statement of responsibility, etc. Отв. ред. А. Л. Тахтаджян.
260 0# - PUBLICATION, DISTRIBUTION, ETC.
Place of publication, distribution, etc. Ленинград :
Name of publisher, distributor, etc. Наука. Ленингр. отд-ние,
Date of publication, distribution, etc. 1989.
300 ## - PHYSICAL DESCRIPTION
Extent 103 с. :
Dimensions [1] л. портр. ;
-- 24 см.
550 ## - ISSUING BODY NOTE
Issuing body note АН СССР, Всесоюз. ботан. о-во
650 14 - SUBJECT ADDED ENTRY--TOPICAL TERM
Topical term or geographic name entry element Палеоботаника - Сборники
650 14 - SUBJECT ADDED ENTRY--TOPICAL TERM
Topical term or geographic name entry element Стратиграфия - Сборники
700 10 - ADDED ENTRY--PERSONAL NAME
Personal name Թախտաջյան, Արմեն Լևոնի,
Dates associated with a name 1910-2009
Relator term ред.
Relationship edt
9 (RLIN) 3348
942 ## - ADDED ENTRY ELEMENTS (KOHA)
Source of classification or shelving scheme Universal Decimal Classification
Koha item type Գրքեր / Books
Holdings
Withdrawn status Lost status Source of classification or shelving scheme Damaged status Not for loan Collection Home library Current library Date acquired Total checkouts Full call number Barcode Date last seen Price effective from Koha item type Public note
    Universal Decimal Classification     General Fundamental Scientific Library Fundamental Scientific Library 21/12/2016   PII/613393 FL0706080 21/12/2016 21/12/2016 Գրքեր / Books 30 Days Loan
    Universal Decimal Classification     General Fundamental Scientific Library Fundamental Scientific Library 21/12/2016   PII/632733 120632733 21/12/2016 21/12/2016 Գրքեր / Books 30 Days Loan


ՀՀ ԳԱԱ հիմնարար գիտական գրադարան
ՀՀ,Երևան 0019
Մարշալ Բաղրամյան 24/6
հեռախոս:(374-10) 52-47-50
Հետադարձ կապ

All site content, except where otherwise noted, is licensed under a
Creative Commons License